000 00489nam a2200145Ia 4500
008 090124s9999 xx 000 0 und d
082 _b201929
245 _a बहुजन समाजाचे शिल्पकार
250 _a1
260 _bबागल माधवराव
_c1966
300 _a203
630 _a बहुजन समाजाचे शिल्पकार
730 _a बहुजन समाजाचे शिल्पकार
942 _cBOOK
999 _c183510
_d183510